Подробности
| 000 -МАРКЕР |
| контрольное поле |
01749nam0a2200325 4500 |
| 001 - ИДЕНТИФИКАТОР ЗАПИСИ |
| контрольное поле |
RU\NLR\bibl\1148991 |
| 005 - ИДЕНТИФИКАТОР ВЕРСИИ |
| контрольное поле |
20260407062338.0 |
| 010 ## - МЕЖДУНАРОДНЫЙ СТАНДАРТНЫЙ НОМЕР КНИГИ (ISBN) |
| Номер (ISBN) |
978-5-203-02027-7 |
| 021 ## - НОМЕР ГОСУДАРСТВЕННОЙ РЕГИСТРАЦИИ |
| Код страны |
российская федерация |
| Номер |
2007-67270 |
| Номер Листа государственной регистраци |
3606 |
| 035 ## - ДРУГИЕ СИСТЕМНЫЕ НОМЕРА |
| Идентификатор записи |
(NLR Aleph) 001135799 |
| 100 ## - ДАННЫЕ ОБЩЕЙ ОБРАБОТКИ |
| Данные общей обработки |
20071102d2007 |||y0rusy50 ca |
| 101 0# - ЯЗЫК РЕСУРСА |
| Язык текста, звукозаписи и т.д. |
русский |
| 102 ## - СТРАНА ПУБЛИКАЦИИ ИЛИ ПРОИЗВОДСТВА |
| Страна публикации |
российская федерация |
| 105 ## - ПОЛЕ КОДИРОВАННЫХ ДАННЫХ: ТЕКСТОВЫЕ МАТЕРИАЛЫ, МОНОГРАФИЧЕСКИЕ |
| Кодированные данные о монографическом текстовом документе |
a ||||||||| |
| 200 1# - ЗАГЛАВИЕ И СВЕДЕНИЯ ОБ ОТВЕТСТВЕННОСТИ |
| Основное заглавие |
Красная армия в самой крупной битве истории |
| Сведения, относящиеся к заглавию |
справочник о воинских формированиях, участвовавших в Московской битве (30 сентября 1941 года - 20 апреля 1942 года) |
| Первые сведения об ответственности |
Правительство Москвы, Ком. по культуре г. Москвы, Гос. музей обороны Москвы |
| Последующие сведения об ответственности |
[сост. д.ист.н., проф. В.П. Филатов, полк. в отставке Е.Н. Грищенко] |
| 210 ## - ПУБЛИКАЦИЯ, РАСПРОСТРАНЕНИЕ И ДР. |
| Место издания, распространения и т.д. |
Москва |
| Имя издателя, распространителя и т. д. |
Военное изд-во |
| Дата издания, распространения и т.д. |
2007 |
| 215 ## - ФИЗИЧЕСКАЯ ХАРАКТЕРИСТИКА |
| Специфическое обозначение материала и объем |
227, [1] с., [32] л. ил. |
| Другие сведения о физической характеристике |
ил. |
| Размеры |
22 |
| 320 ## - ПРИМЕЧАНИЯ О НАЛИЧИИ В ДОКУМЕНТЕ БИБЛИОГРАФИИ / УКАЗАТЕЛЯ |
| Текст примечания |
Библиогр.: с. 213-216 (70 назв.) |
| 601 02 - НАИМЕНОВАНИЕ ОРГАНИЗАЦИИ КАК ПРЕДМЕТ |
| Начальный элемент ввода |
Рабоче-Крестьянская Красная армия |
| Идентифицирующий признак |
1918 - 1946 |
| Формальный подзаголовок |
Справочники |
| Тематический подзаголовок |
История |
| Хронологический подзаголовок |
1941 - 1945 |
| Системный номер авторитетной/нормативной записи |
2594741 |
| Идентификатор авторитетной/нормативной записи |
RU\NLR\auth\661533176 |
| 606 1# - НАИМЕНОВАНИЕ ТЕМЫ КАК ПРЕДМЕТ |
| Наименование темы |
Битва под Москвой |
| Формальный подзаголовок |
Справочники |
| Хронологический подзаголовок |
1941 - 1942 |
| Системный номер авторитетной/нормативной записи |
2195999 |
| Идентификатор авторитетной/нормативной записи |
RU\NLR\auth\661319820 |
| 686 ## - ИНДЕКСЫ ДРУГИХ КЛАССИФИКАЦИЙ |
| Индекс |
Ц35(2)722.221-4,1я22 |
| 702 #1 - ИМЯ ЛИЦА - ВТОРИЧНАЯ ОТВЕТСТВЕННОСТЬ |
| Начальный элемент ввода |
Филатов |
| Часть имени, кроме начального элемента ввода |
В. П. |
| Код отношения |
Редактор |
| 712 02 - НАИМЕНОВАНИЕ ОРГАНИЗАЦИИ - ВТОРИЧНАЯ ОТВЕТСТВЕННОСТЬ |
| Код отношения |
Прочие |
| Начальный элемент ввода |
Государственный музей обороны Москвы |
| Идентификатор авторитетной/нормативной записи |
RU\NLR\AUTH\8810029543 |
| Системный номер авторитетной/нормативной записи |
557670 |
| 801 #0 - ИСТОЧНИК ЗАПИСИ |
| Страна |
российская федерация |
| Организация |
NLR |
| Дата составления |
20071102 |
| Правила каталогизации |
RCR |
| 801 #1 - ИСТОЧНИК ЗАПИСИ |
| Страна |
российская федерация |
| Организация |
NLR |
| Дата составления |
20071102 |
| 942 ## - ДОПОЛНИТЕЛЬНЫЕ ЭЛЕМЕНТЫ ЗАПИСИ (АБИС) |
| Тип экземпляра АБИС |
Книга |
| 980 ## - КОЛЛЕКЦИЯ |
| Название коллекции |
Национальная библиография |